New Paths in Muslim Evangelism (Record no. 6341)

MARC details
000 -LEADER
fixed length control field 00665nam a2200241 a 4500
020 ## - INTERNATIONAL STANDARD BOOK NUMBER
ISBN 0801062
082 00 - DEWEY DECIMAL CLASSIFICATION NUMBER
Classification number 248.246
Author Cutter PAR
100 ## - MAIN ENTRY--AUTHOR NAME
Author name Parshall, Phil
245 ## - TITLE STATEMENT
Title New Paths in Muslim Evangelism
Sub title Evangelical Approaches to Contextualization
260 ## - PUBLICATION, DISTRIBUTION, ETC. (IMPRINT)
Place of publication Grand Rapids
Name of publisher Baker Book House
Year of publication 1980
300 ## - PHYSICAL DESCRIPTION
Number of Pages 280p
500 ## - GENERAL NOTE
General note includes index and biblioraphy
505 2# - FORMATTED CONTENTS NOTE
Formatted contents note Bib, Index
650 ## - SUBJECT ADDED ENTRY--TOPICAL TERM
Topical Term Conversion-Islam to Christianity
942 ## - ADDED ENTRY ELEMENTS (KOHA)
Koha item type Books
700 1# -
-- Parshall, Phil
Holdings
Collection code Home library Current library Date acquired Cost, normal purchase price Full call number Accession Number Koha item type
  Henry Martyn Institute Library Henry Martyn Institute Library 07/06/2007 340.55 248.246 PAR 010002 Books
                   Copyright © 2026 | Henry Martyn Institute | Hyderabad | TS-500052 | INDIA | Implemented by hmi.edu.in
Hit-Count:

Powered by Koha